Historia del banco de credito industrial / (Record no. 67138)

MARC details
000 -LEADER
fixed length control field 00608cam a2200205 4500
008 - FIXED-LENGTH DATA ELEMENTS--GENERAL INFORMATION
fixed length control field 1986 spa
020 ## - INTERNATIONAL STANDARD BOOK NUMBER
International Standard Book Number 84-206-9034-1
050 #4 - LIBRARY OF CONGRESS CALL NUMBER
Classification number HG2040
Item number T67 1980
100 1# - MAIN ENTRY--PERSONAL NAME
Personal name Tortella, Gabriel
245 #0 - TITLE STATEMENT
Title Historia del banco de credito industrial /
Statement of responsibility, etc Gabriel Tortella, Juan Carlos Jimenez.
260 ## - PUBLICATION, DISTRIBUTION, ETC. (IMPRINT)
Place of publication, distribution, etc España :
Name of publisher, distributor, etc Alianza,
Date of publication, distribution, etc 1986
300 ## - PHYSICAL DESCRIPTION
Extent 278 p. ;
Dimensions 21 cm.
500 ## - GENERAL NOTE
General note 1 ejemplar
505 ## - FORMATTED CONTENTS NOTE
Formatted contents note Proyecto Fomes, 2000
650 #4 - SUBJECT ADDED ENTRY--TOPICAL TERM
Topical term or geographic name as entry element Credito Industrial
General subdivision España
700 1# - ADDED ENTRY--PERSONAL NAME
Personal name Jimenez, Juan Carlos,
Relator term coaut.
942 ## - ADDED ENTRY ELEMENTS (KOHA)
Source of classification or shelving scheme Biblioteca del Cogreso de los Estados Unidos
Koha item type Libro
Holdings
Estado de pérdida Fuente de clasificación Estado del daño No para préstamo Ubicación permanente Ubicación actual Apartado o colección Fecha de adquisición Edición Dependencia de educación superior (DES) Área del conocimiento Clasificación Código de Barras Date last seen Número de copia Tipo de recurso
  Biblioteca del Cogreso de los Estados Unidos     Biblioteca del Instituto de Investigaciones Históricas Biblioteca del Instituto de Investigaciones Históricas General 05/09/2018 1a. ed. Humanidades Ciencias Sociales y Administrativas HG2040 T67 1986 IIH000025735 05/09/2018 C:1 Libro